| 000 | 00404cam a2200133u 4500 | ||
|---|---|---|---|
| 082 |
_a629.287 _bINT _cL-178, P-33 |
||
| 110 | 2 |
_aInternational Labour Office. _912542 |
|
| 245 | 0 | 0 |
_aMaintenance and repair of motor vehicles; _ba practical instruction manual. |
| 260 |
_aGeneva, _cc1955. |
||
| 300 |
_a366 p. _c25 cm. |
||
| 526 |
_a0 _b0 _c0 _d629_287000000000000_INT |
||
| 650 |
_aMCE _9379 |
||
| 942 |
_2ddc _cBK |
||
| 999 |
_c548228 _d548228 |
||